000 00871cab a2200265 4500
001 ABS50760
008 090401t1994 xxu||||| |||| 00| 0 eng d
035 _a(Sirsi) u37851
041 _aeng
245 _aAlternative land use
260 _c1994
300 _aLOAN
350 _a0
490 _aFarm Development Review
_v8(8) June 1994 (8)
520 _aConcentrates on the growth of riding facilities on private farmland with further articles on ostrich rearing, herb farming and providing land for hobby club events. Announces new English wine designations and reviews four new MAFF diversification booklets.
650 _aFARM ACCOMMODATION
650 _aFARM DIVERSIFICATION
650 _aMARKETING
650 _aRADIO CONTROLLED GLIDING
650 _aSPORT
650 _aTOURISM
690 _aRURAL PRACTICE
942 _n0
948 _c04/03/1997
999 _c24351
_d24351